[Event "Stay Safe Play From Home 424"]
[Site "Emanuel Lasker Arena"]
[Date "2020.08.31"]
[Round "2"]
[White "Nguyen Hong Anh"]
[Black "Lazieri3"]
[Result "1-0"]
[WhiteElo "2388"]
[BlackElo "2070"]
[PlyCount "65"]
[EventDate "2020.08.31"]
[EventType "swiss (blitz)"]

1. d4 {[%emt 0:00:01]} c6 {[%emt 0:00:00]} 2. c4 {[%emt 0:00:01]} d5 {[%emt 0:00:00]} 3. Nf3 {[%emt 0:00:00]} Nf6 {[%emt 0:00:01]} 4. g3 {[%emt 0:00:01]} Bf5 {[%emt 0:00:00]} 5. Bg2 {[%emt 0:00:00]} Qc8 {[%emt 0:00:00]} 6. O-O {[%emt 0:00:00]} Bh3 {[%emt 0:00:01]} 7. cxd5 {[%emt 0:00:01]} cxd5 {[%emt 0:00:02]} 8. Nc3 {[%emt 0:00:01]} h5 {[%emt 0:00:02]} 9. Bg5 {[%emt 0:00:02]} h4 {[%emt 0:00:01]} 10. Bxh4 {[%emt 0:00:01]} g5 {[%emt 0:00:02]} 11. Bxg5 {[%emt 0:00:01]} Bxg2 {[%emt 0:00:01]} 12. Kxg2 {[%emt 0:00:00]} Qh3+ {[%emt 0:00:01]} 13. Kg1 {[%emt 0:00:01]} Ng4 {[%emt 0:00:01]} 14. Bh4 {[%emt 0:00:07]} Nc6 {[%emt 0:00:01]} 15. Nxd5 {[%emt 0:00:01]} O-O-O {[%emt 0:00:01]} 16. Nf4 {[%emt 0:00:01]} Rxh4 {[%emt 0:00:04]} 17. Nxh3 {[%emt 0:00:01]} Rxh3 {[%emt 0:00:00]} 18. Qa4 {[%emt 0:00:02]} Nf6 {[%emt 0:00:06]} 19. Rac1 {[%emt 0:00:02]} Kb8 {[%emt 0:00:01]} 20. Rxc6 {[%emt 0:00:01]} bxc6 {[%emt 0:00:00]} 21. Qxc6 {[%emt 0:00:00]} Rh5 {[%emt 0:00:02]} 22. Rc1 {[%emt 0:00:01]} Rhd5 {[%emt 0:00:03]} 23. Ne5 {[%emt 0:00:03]} Rxd4 {[%emt 0:00:06]} 24. Nxf7 {[%emt 0:00:01]} Rd1+ {[%emt 0:00:01]} 25. Kg2 {[%emt 0:00:02]} Rxc1 {[%emt 0:00:03]} 26. Qxc1 {[%emt 0:00:00]} Rc8 {[%emt 0:00:04]} 27. Qf4+ {[%emt 0:00:01]} Kb7 {[%emt 0:00:01]} 28. Ne5 {[%emt 0:00:01]} Bg7 {[%emt 0:00:07]} 29. Nd3 {[%emt 0:00:01]} Rc2 {[%emt 0:00:04]} 30. Qf3+ {[%emt 0:00:00]} Kc7 {[%emt 0:00:01]} 31. b3 {[%emt 0:00:00]} Rxa2 {[%emt 0:00:01]} 32. Qe3 {[%emt 0:00:01]} Kd6 {[%emt 0:00:01]} 33. Nf4 {[%emt 0:00:01] Time Time Time (Lag: Av=1.07s, max=1.5s) (Lag: Av=1.07s, max=1.5s) (Lag: Av=1.07s, max=1.5s)} 1-0

[Event "Stay Safe Play From Home 424"]
[Site "Emanuel Lasker Arena"]
[Date "2020.08.31"]
[Round "2"]
[White "IceQueen"]
[Black "Hickey"]
[Result "1-0"]
[WhiteElo "2377"]
[BlackElo "2302"]
[PlyCount "131"]
[EventDate "2020.08.31"]
[EventType "swiss (blitz)"]

1. e4 {[%emt 0:00:01]} c6 {[%emt 0:00:01]} 2. Nc3 {[%emt 0:00:00]} d5 {[%emt 0:00:00]} 3. d4 {[%emt 0:00:00]} dxe4 {[%emt 0:00:00]} 4. Nxe4 {[%emt 0:00:00]} Nf6 {[%emt 0:00:00]} 5. Nxf6+ {[%emt 0:00:00]} exf6 {[%emt 0:00:00]} 6. c3 {[%emt 0:00:00]} Bd6 {[%emt 0:00:00]} 7. Bd3 {[%emt 0:00:01]} O-O {[%emt 0:00:00]} 8. Ne2 {[%emt 0:00:00]} Re8 {[%emt 0:00:00]} 9. Qc2 {[%emt 0:00:00]} h5 {[%emt 0:00:02]} 10. O-O {[%emt 0:00:01]} Be6 {[%emt 0:00:00]} 11. Bd2 {[%emt 0:00:01]} Nd7 {[%emt 0:00:00]} 12. Rae1 {[%emt 0:00:01]} Qc7 {[%emt 0:00:01]} 13. h3 {[%emt 0:00:00]} Nf8 {[%emt 0:00:01]} 14. c4 {[%emt 0:00:01]} a6 {[%emt 0:00:02]} 15. b3 {[%emt 0:00:01]} Rad8 {[%emt 0:00:01]} 16. f4 {[%emt 0:00:01]} Bc8 {[%emt 0:00:05]} 17. Ng3 {[%emt 0:00:02]} b5 {[%emt 0:00:01]} 18. Nxh5 {[%emt 0:00:01]} bxc4 {[%emt 0:00:01]} 19. bxc4 {[%emt 0:00:00]} c5 {[%emt 0:00:00]} 20. Rxe8 {[%emt 0:00:01]} Rxe8 {[%emt 0:00:01]} 21. d5 {[%emt 0:00:00]} Qe7 {[%emt 0:00:03]} 22. Re1 {[%emt 0:00:02]} Qd7 {[%emt 0:00:01]} 23. Rxe8 {[%emt 0:00:00]} Qxe8 {[%emt 0:00:00]} 24. Qd1 {[%emt 0:00:01]} Qe7 {[%emt 0:00:03]} 25. Qe2 {[%emt 0:00:01]} g6 {[%emt 0:00:02]} 26. Qxe7 {[%emt 0:00:03]} Bxe7 {[%emt 0:00:00]} 27. Ng3 {[%emt 0:00:01]} f5 {[%emt 0:00:00]} 28. Bc3 {[%emt 0:00:02]} Nd7 {[%emt 0:00:01]} 29. Kf2 {[%emt 0:00:02]} Nf6 {[%emt 0:00:01]} 30. Kf3 {[%emt 0:00:01]} Ne8 {[%emt 0:00:00]} 31. Ne2 {[%emt 0:00:01]} Nd6 {[%emt 0:00:01]} 32. g4 {[%emt 0:00:01]} fxg4+ {[%emt 0:00:02]} 33. hxg4 {[%emt 0:00:00]} f5 {[%emt 0:00:00]} 34. g5 {[%emt 0:00:03]} Kf7 {[%emt 0:00:01]} 35. Be5 {[%emt 0:00:00]} Ke8 {[%emt 0:00:01]} 36. Nc1 {[%emt 0:00:01]} Bd7 {[%emt 0:00:01]} 37. Nb3 {[%emt 0:00:00]} Nb7 {[%emt 0:00:01]} 38. Ke3 {[%emt 0:00:02]} Ba4 {[%emt 0:00:01]} 39. Nd2 {[%emt 0:00:02]} Nd6 {[%emt 0:00:02]} 40. Nf3 {[%emt 0:00:01]} Kf7 {[%emt 0:00:02]} 41. Bb2 {[%emt 0:00:00]} Be8 {[%emt 0:00:02]} 42. Ne5+ {[%emt 0:00:00]} Kg7 {[%emt 0:00:00]} 43. Ba3 {[%emt 0:00:00]} Nb7 {[%emt 0:00:02]} 44. Bb2 {[%emt 0:00:01]} Kg8 {[%emt 0:00:01]} 45. Bc2 {[%emt 0:00:01]} Bd6 {[%emt 0:00:01]} 46. Bd3 {[%emt 0:00:03]} Nd8 {[%emt 0:00:01]} 47. Bc2 {[%emt 0:00:03]} Kh7 {[%emt 0:00:00]} 48. Nf3 {[%emt 0:00:01]} Kg8 {[%emt 0:00:01]} 49. Be5 {[%emt 0:00:00]} Nb7 {[%emt 0:00:01]} 50. Bxd6 {[%emt 0:00:01]} Nxd6 {[%emt 0:00:00]} 51. Ne5 {[%emt 0:00:00]} Kg7 {[%emt 0:00:00]} 52. Kd3 {[%emt 0:00:01]} Kh7 {[%emt 0:00:02]} 53. Kc3 {[%emt 0:00:00]} Kg7 {[%emt 0:00:00]} 54. Kb3 {[%emt 0:00:01]} Kf8 {[%emt 0:00:01]} 55. Bd3 {[%emt 0:00:00]} Ke7 {[%emt 0:00:00]} 56. Ka3 {[%emt 0:00:00]} Kd8 {[%emt 0:00:01]} 57. Bc2 {[%emt 0:00:00]} Kc7 {[%emt 0:00:00]} 58. Ba4 {[%emt 0:00:00]} Bxa4 {[%emt 0:00:02]} 59. Kxa4 {[%emt 0:00:00]} Ne4 {[%emt 0:00:00]} 60. Nxg6 {[%emt 0:00:01]} Nd2 {[%emt 0:00:00]} 61. Ne7 {[%emt 0:00:02]} Kd6 {[%emt 0:00:00]} 62. Nxf5+ {[%emt 0:00:01]} Kd7 {[%emt 0:00:01]} 63. g6 {[%emt 0:00:00]} Ke8 {[%emt 0:00:00]} 64. d6 {[%emt 0:00:01]} Ne4 {[%emt 0:00:01]} 65. g7 {[%emt 0:00:00]} Kf7 {[%emt 0:00:01]} 66. d7 {[%emt 0:00:01] Time Time Time} 1-0

[Event "Stay Safe Play From Home 424"]
[Site "Emanuel Lasker Arena"]
[Date "2020.08.31"]
[Round "2"]
[White "Stefanone"]
[Black "Klasman"]
[Result "1-0"]
[WhiteElo "1952"]
[BlackElo "1256"]
[Annotator "NA"]
[PlyCount "49"]
[EventDate "2020.08.31"]
[EventType "swiss (blitz)"]

1. d4 {[%emt 0:00:01]} f5 {[%emt 0:00:01]} 2. e4 {[%emt 0:00:01]} fxe4 {[%emt 0:00:02]} 3. Nc3 {[%emt 0:00:00]} Nf6 {[%emt 0:00:01]} 4. f3 {[%emt 0:00:01]} exf3 {[%emt 0:00:03]} 5. Nxf3 {[%emt 0:00:00]} d5 {[%emt 0:00:01]} 6. Bd3 {[%emt 0:00:01]} e6 {[%emt 0:00:01]} 7. O-O {[%emt 0:00:01]} Bb4 {[%emt 0:00:02]} 8. Bd2 {[%emt 0:00:01]} Bxc3 {[%emt 0:00:01]} 9. bxc3 {[%emt 0:00:01]} O-O {[%emt 0:00:01]} 10. Ne5 {[%emt 0:00:00]} Qd6 {[%emt 0:00:02]} 11. Qe2 {[%emt 0:00:01]} Nc6 {[%emt 0:00:01]} 12. g4 {[%emt 0:00:01]} Nxe5 {[%emt 0:00:04]} 13. dxe5 {[%emt 0:00:01]} Qc5+ {[%emt 0:00:02]} 14. Be3 {[%emt 0:00:00]} Qxc3 {[%emt 0:00:05]} 15. exf6 {[%emt 0:00:01]} Rxf6 {[%emt 0:00:01]} 16. Rxf6 {[%emt 0:00:02]} Qxa1+ {[%emt 0:00:01]} 17. Rf1 {[%emt 0:00:01]} Qe5 {[%emt 0:00:03]} 18. c3 {[%emt 0:00:02]} Bd7 {[%emt 0:00:01]} 19. Bd4 {[%emt 0:00:01]} Qd6 {[%emt 0:00:02]} 20. Bc2 {[%emt 0:00:02]} Re8 {[%emt 0:00:01]} 21. Qd3 {[%emt 0:00:01]} g6 {[%emt 0:00:02]} 22. Qf3 {[%emt 0:00:02]} Qe7 {[%emt 0:00:03]} 23. Qe3 {[%emt 0:00:01]} b6 {[%emt 0:00:02]} 24. Qe5 {[%emt 0:00:01]} c5 {[%emt 0:00:02]} 25. Qh8# {[%emt 0:00:01] (Lag: Av=0.43s, max=1.0s) (Lag: Av=0.43s, max=1.0s) (Lag: Av=0.43s, max=1.0s)} 1-0

[Event "Stay Safe Play From Home 424"]
[Site "Emanuel Lasker Arena"]
[Date "2020.08.31"]
[Round "2"]
[White "Pawn2pawn"]
[Black "NTBT_DHS"]
[Result "0-1"]
[WhiteElo "1385"]
[BlackElo "2556"]
[PlyCount "62"]
[EventDate "2020.08.31"]
[EventType "swiss (blitz)"]

1. d4 {[%emt 0:00:02]} g6 {[%emt 0:00:00]} 2. Bf4 {[%emt 0:00:01]} Bg7 {[%emt 0:00:00]} 3. e3 {[%emt 0:00:00]} d6 {[%emt 0:00:00]} 4. Be2 {[%emt 0:00:01]} Nc6 {[%emt 0:00:01]} 5. h4 {[%emt 0:00:00]} Nf6 {[%emt 0:00:01]} 6. h5 {[%emt 0:00:01]} Bf5 {[%emt 0:00:01]} 7. hxg6 {[%emt 0:00:02]} hxg6 {[%emt 0:00:01]} 8. Rxh8+ {[%emt 0:00:02]} Bxh8 {[%emt 0:00:00]} 9. c3 {[%emt 0:00:00]} Qd7 {[%emt 0:00:01]} 10. Bd3 {[%emt 0:00:01]} Bxd3 {[%emt 0:00:01]} 11. Qxd3 {[%emt 0:00:00]} O-O-O {[%emt 0:00:00]} 12. Nd2 {[%emt 0:00:01]} e5 {[%emt 0:00:00]} 13. dxe5 {[%emt 0:00:03]} dxe5 {[%emt 0:00:01]} 14. Qxd7+ {[%emt 0:00:02]} Rxd7 {[%emt 0:00:00]} 15. Bg5 {[%emt 0:00:01]} Nh7 {[%emt 0:00:01]} 16. Bh4 {[%emt 0:00:02]} g5 {[%emt 0:00:00]} 17. Bg3 {[%emt 0:00:01]} f5 {[%emt 0:00:00]} 18. f4 {[%emt 0:00:04]} gxf4 {[%emt 0:00:02]} 19. exf4 {[%emt 0:00:01]} e4 {[%emt 0:00:00]} 20. Ne2 {[%emt 0:00:02]} Nf6 {[%emt 0:00:01]} 21. Nc4 {[%emt 0:00:03]} Nd5 {[%emt 0:00:02]} 22. Rd1 {[%emt 0:00:05]} b5 {[%emt 0:00:04]} 23. Na3 {[%emt 0:00:08]} a6 {[%emt 0:00:02]} 24. c4 {[%emt 0:00:02]} Ne3 {[%emt 0:00:04]} 25. Rxd7 {[%emt 0:00:02]} Kxd7 {[%emt 0:00:00]} 26. cxb5 {[%emt 0:00:02]} axb5 {[%emt 0:00:00]} 27. Nxb5 {[%emt 0:00:02]} Bxb2 {[%emt 0:00:01]} 28. Kf2 {[%emt 0:00:02]} Ng4+ {[%emt 0:00:01]} 29. Ke1 {[%emt 0:00:02]} Nb4 {[%emt 0:00:01]} 30. a4 {[%emt 0:00:01]} Nd3+ {[%emt 0:00:01]} 31. Kd1 {[%emt 0:00:01]} Ne3+ {[%emt 0:00:02] TimeW TimeW TimeW} 0-1

[Event "Stay Safe Play From Home 424"]
[Site "Emanuel Lasker Arena"]
[Date "2020.08.31"]
[Round "3"]
[White "Gokerkan"]
[Black "Eidgenosse"]
[Result "1-0"]
[WhiteElo "2623"]
[BlackElo "2462"]
[PlyCount "87"]
[EventDate "2020.08.31"]
[EventType "swiss (blitz)"]

1. e4 {[%emt 0:00:01]} d6 {[%emt 0:00:00]} 2. d4 {[%emt 0:00:01]} Nf6 {[%emt 0:00:00]} 3. Nc3 {[%emt 0:00:00]} e5 {[%emt 0:00:00]} 4. Nf3 {[%emt 0:00:00]} Nbd7 {[%emt 0:00:01]} 5. Bc4 {[%emt 0:00:01]} Be7 {[%emt 0:00:00]} 6. O-O {[%emt 0:00:00]} O-O {[%emt 0:00:00]} 7. a4 {[%emt 0:00:00]} c6 {[%emt 0:00:00]} 8. a5 {[%emt 0:00:01]} Qc7 {[%emt 0:00:01]} 9. h3 {[%emt 0:00:01]} Re8 {[%emt 0:00:00]} 10. Re1 {[%emt 0:00:00]} Nf8 {[%emt 0:00:00]} 11. dxe5 {[%emt 0:00:03]} dxe5 {[%emt 0:00:02]} 12. Be3 {[%emt 0:00:00]} Ne6 {[%emt 0:00:03]} 13. Qe2 {[%emt 0:00:02]} Nh5 {[%emt 0:00:02]} 14. Qf1 {[%emt 0:00:07]} Nhf4 {[%emt 0:00:01]} 15. Ne2 {[%emt 0:00:01]} Ng6 {[%emt 0:00:04]} 16. Ng3 {[%emt 0:00:02]} Nef4 {[%emt 0:00:03]} 17. Nf5 {[%emt 0:00:02]} Bf8 {[%emt 0:00:00]} 18. Red1 {[%emt 0:00:02]} Be6 {[%emt 0:00:01]} 19. Bxe6 {[%emt 0:00:02]} fxe6 {[%emt 0:00:01]} 20. Ng3 {[%emt 0:00:00]} Be7 {[%emt 0:00:05]} 21. Ne2 {[%emt 0:00:02]} Rf8 {[%emt 0:00:01]} 22. Nxf4 {[%emt 0:00:00]} Nxf4 {[%emt 0:00:01]} 23. Nd2 {[%emt 0:00:03]} Rf7 {[%emt 0:00:04]} 24. Nc4 {[%emt 0:00:01]} Raf8 {[%emt 0:00:01]} 25. Bxa7 {[%emt 0:00:01]} Bh4 {[%emt 0:00:06]} 26. Bb6 {[%emt 0:00:01]} Qe7 {[%emt 0:00:01]} 27. Nxe5 {[%emt 0:00:01]} Qg5 {[%emt 0:00:02]} 28. Nxf7 {[%emt 0:00:03]} Nxh3+ {[%emt 0:00:02]} 29. Kh2 {[%emt 0:00:01]} Rxf7 {[%emt 0:00:02]} 30. Rd8+ {[%emt 0:00:03]} Rf8 {[%emt 0:00:04]} 31. Rxf8+ {[%emt 0:00:01]} Kxf8 {[%emt 0:00:00]} 32. gxh3 {[%emt 0:00:06]} Qf4+ {[%emt 0:00:01]} 33. Kh1 {[%emt 0:00:01]} Bxf2 {[%emt 0:00:00]} 34. Qg2 {[%emt 0:00:01]} Ke7 {[%emt 0:00:04]} 35. Rf1 {[%emt 0:00:00]} Qg5 {[%emt 0:00:00]} 36. Qxg5+ {[%emt 0:00:01]} Kd7 {[%emt 0:00:00]} 37. Rxf2 {[%emt 0:00:00]} c5 {[%emt 0:00:00]} 38. Rd2+ {[%emt 0:00:00]} Kc6 {[%emt 0:00:00]} 39. Qd8 {[%emt 0:00:00]} Kb5 {[%emt 0:00:00]} 40. Qd7+ {[%emt 0:00:00]} Kc4 {[%emt 0:00:01]} 41. b3+ {[%emt 0:00:00]} Kc3 {[%emt 0:00:01]} 42. Qd3+ {[%emt 0:00:00]} Kb2 {[%emt 0:00:00]} 43. c4+ {[%emt 0:00:00]} Ka3 {[%emt 0:00:01]} 44. Bxc5# {[%emt 0:00:00] (Lag: Av=0.47s, max=0.8s) (Lag: Av=0.47s, max=0.8s) (Lag: Av=0.47s, max=0.8s)} 1-0

[Event "Stay Safe Play From Home 424"]
[Site "Emanuel Lasker Arena"]
[Date "2020.08.31"]
[Round "3"]
[White "NTBT_DHS"]
[Black "Tran Minh Thang"]
[Result "1-0"]
[WhiteElo "2556"]
[BlackElo "2504"]
[PlyCount "87"]
[EventDate "2020.08.31"]
[EventType "swiss (blitz)"]

1. d4 {[%emt 0:00:01]} Nf6 {[%emt 0:00:02]} 2. c4 {[%emt 0:00:00]} g6 {[%emt 0:00:00]} 3. Nf3 {[%emt 0:00:00]} d5 {[%emt 0:00:00]} 4. Nc3 {[%emt 0:00:00]} Bg7 {[%emt 0:00:00]} 5. cxd5 {[%emt 0:00:01]} Nxd5 {[%emt 0:00:00]} 6. e4 {[%emt 0:00:00]} Nxc3 {[%emt 0:00:00]} 7. bxc3 {[%emt 0:00:00]} c5 {[%emt 0:00:00]} 8. Be3 {[%emt 0:00:00]} O-O {[%emt 0:00:01]} 9. Rc1 {[%emt 0:00:00]} Nc6 {[%emt 0:00:00]} 10. d5 {[%emt 0:00:01]} Ne5 {[%emt 0:00:01]} 11. Nxe5 {[%emt 0:00:00]} Bxe5 {[%emt 0:00:00]} 12. f4 {[%emt 0:00:01]} Bg7 {[%emt 0:00:01]} 13. Be2 {[%emt 0:00:02]} e5 {[%emt 0:00:02]} 14. O-O {[%emt 0:00:04]} exf4 {[%emt 0:00:17]} 15. Bxf4 {[%emt 0:00:00]} Re8 {[%emt 0:00:01]} 16. Bf3 {[%emt 0:00:01]} Be5 {[%emt 0:00:02]} 17. Qd2 {[%emt 0:00:02]} Qd6 {[%emt 0:00:01]} 18. Bxe5 {[%emt 0:00:03]} Qxe5 {[%emt 0:00:00]} 19. Rf2 {[%emt 0:00:04]} Bd7 {[%emt 0:00:01]} 20. Rcf1 {[%emt 0:00:02]} Bb5 {[%emt 0:00:01]} 21. Rb1 {[%emt 0:00:01]} a6 {[%emt 0:00:01]} 22. Qc2 {[%emt 0:00:02]} Rac8 {[%emt 0:00:03]} 23. c4 {[%emt 0:00:01]} Bd7 {[%emt 0:00:04]} 24. Rxb7 {[%emt 0:00:01]} Rc7 {[%emt 0:00:03]} 25. Rb1 {[%emt 0:00:02]} Qd4 {[%emt 0:00:01]} 26. Rd1 {[%emt 0:00:02]} Qe5 {[%emt 0:00:01]} 27. h3 {[%emt 0:00:01]} f5 {[%emt 0:00:01]} 28. exf5 {[%emt 0:00:02]} Bxf5 {[%emt 0:00:00]} 29. Qd2 {[%emt 0:00:00]} Rd7 {[%emt 0:00:01]} 30. Re2 {[%emt 0:00:01]} Qb8 {[%emt 0:00:01]} 31. Rde1 {[%emt 0:00:01]} Rxe2 {[%emt 0:00:02]} 32. Qxe2 {[%emt 0:00:00]} Rf7 {[%emt 0:00:02]} 33. Kh1 {[%emt 0:00:02]} Qd6 {[%emt 0:00:01]} 34. Qe8+ {[%emt 0:00:02]} Kg7 {[%emt 0:00:00]} 35. Qe3 {[%emt 0:00:00]} Bd7 {[%emt 0:00:01]} 36. Qc3+ {[%emt 0:00:01]} Qf6 {[%emt 0:00:01]} 37. Qxf6+ {[%emt 0:00:01]} Kxf6 {[%emt 0:00:00]} 38. Rb1 {[%emt 0:00:01]} h5 {[%emt 0:00:00]} 39. Rb6+ {[%emt 0:00:01]} Ke5 {[%emt 0:00:00]} 40. Rxa6 {[%emt 0:00:00]} Be6 {[%emt 0:00:00]} 41. Rxe6+ {[%emt 0:00:01]} Kd4 {[%emt 0:00:00]} 42. Rxg6 {[%emt 0:00:01]} Kd3 {[%emt 0:00:00]} 43. d6 {[%emt 0:00:00]} Rd7 {[%emt 0:00:01]} 44. Bc6 {[%emt 0:00:01] (Lag: Av=0.88s, max=1.3s) (Lag: Av=0.88s, max=1.3s) (Lag: Av=0.88s, max=1.3s)} 1-0

[Event "Stay Safe Play From Home 424"]
[Site "Emanuel Lasker Arena"]
[Date "2020.08.31"]
[Round "3"]
[White "IceQueen"]
[Black "Nguyen Hong Anh"]
[Result "1-0"]
[WhiteElo "2390"]
[BlackElo "2392"]
[PlyCount "85"]
[EventDate "2020.08.31"]
[EventType "swiss (blitz)"]

1. e4 {[%emt 0:00:01]} c5 {[%emt 0:00:01]} 2. Nc3 {[%emt 0:00:01]} Nc6 {[%emt 0:00:01]} 3. Nf3 {[%emt 0:00:00]} g6 {[%emt 0:00:00]} 4. d4 {[%emt 0:00:01]} cxd4 {[%emt 0:00:01]} 5. Nxd4 {[%emt 0:00:00]} Bg7 {[%emt 0:00:01]} 6. Be3 {[%emt 0:00:00]} Nf6 {[%emt 0:00:00]} 7. Nxc6 {[%emt 0:00:00]} bxc6 {[%emt 0:00:01]} 8. e5 {[%emt 0:00:00]} Ng8 {[%emt 0:00:01]} 9. f4 {[%emt 0:00:01]} Nh6 {[%emt 0:00:01]} 10. Qf3 {[%emt 0:00:00]} O-O {[%emt 0:00:01]} 11. O-O-O {[%emt 0:00:01]} Rb8 {[%emt 0:00:01]} 12. Bxa7 {[%emt 0:00:02]} Ra8 {[%emt 0:00:01]} 13. Bc5 {[%emt 0:00:01]} Re8 {[%emt 0:00:03]} 14. h3 {[%emt 0:00:01]} d6 {[%emt 0:00:01]} 15. exd6 {[%emt 0:00:03]} exd6 {[%emt 0:00:01]} 16. Bxd6 {[%emt 0:00:03]} Qa5 {[%emt 0:00:01]} 17. Be5 {[%emt 0:00:01]} Bxe5 {[%emt 0:00:02]} 18. fxe5 {[%emt 0:00:00]} Nf5 {[%emt 0:00:01]} 19. Bc4 {[%emt 0:00:01]} Qxe5 {[%emt 0:00:02]} 20. g4 {[%emt 0:00:03]} Qe3+ {[%emt 0:00:01]} 21. Qxe3 {[%emt 0:00:01]} Nxe3 {[%emt 0:00:00]} 22. Rde1 {[%emt 0:00:01]} Bb7 {[%emt 0:00:01]} 23. Bb3 {[%emt 0:00:01]} c5 {[%emt 0:00:01]} 24. Rhg1 {[%emt 0:00:00]} c4 {[%emt 0:00:01]} 25. Rxe3 {[%emt 0:00:01]} Rxe3 {[%emt 0:00:03]} 26. Bxc4 {[%emt 0:00:00]} Rxh3 {[%emt 0:00:01]} 27. g5 {[%emt 0:00:01]} Rc8 {[%emt 0:00:02]} 28. Bb3 {[%emt 0:00:01]} Ba6 {[%emt 0:00:02]} 29. a4 {[%emt 0:00:01]} Bb7 {[%emt 0:00:01]} 30. Re1 {[%emt 0:00:03]} h6 {[%emt 0:00:00]} 31. Re7 {[%emt 0:00:01]} Rh1+ {[%emt 0:00:01]} 32. Kd2 {[%emt 0:00:01]} Rd8+ {[%emt 0:00:01]} 33. Ke2 {[%emt 0:00:03]} Ba6+ {[%emt 0:00:01]} 34. Nb5 {[%emt 0:00:01]} Bxb5+ {[%emt 0:00:01]} 35. axb5 {[%emt 0:00:00]} Rh2+ {[%emt 0:00:02]} 36. Kf3 {[%emt 0:00:02]} Rh3+ {[%emt 0:00:01]} 37. Kg2 {[%emt 0:00:01]} Rh5 {[%emt 0:00:01]} 38. gxh6 {[%emt 0:00:03]} Rxh6 {[%emt 0:00:02]} 39. Rxf7 {[%emt 0:00:01]} Kh8 {[%emt 0:00:01]} 40. Rc7 {[%emt 0:00:02]} Rh5 {[%emt 0:00:01]} 41. b6 {[%emt 0:00:01]} Rb5 {[%emt 0:00:01]} 42. b7 {[%emt 0:00:00]} Rf8 {[%emt 0:00:02]} 43. Rc8 {[%emt 0:00:01] Nguyen Hong Anh resigns Nguyen Hong Anh resigns Nguyen Hong Anh resigns (Lag: Av=1.00s, max=1.7s) (Lag: Av=1.00s, max=1.7s) (Lag: Av=1.00s, max=1.7s)} 1-0

[Event "Stay Safe Play From Home 424"]
[Site "Emanuel Lasker Arena"]
[Date "2020.08.31"]
[Round "3"]
[White "Mr bh6"]
[Black "Trotsky"]
[Result "1-0"]
[WhiteElo "2383"]
[BlackElo "1551"]
[PlyCount "55"]
[EventDate "2020.08.31"]
[EventType "swiss (blitz)"]

1. b3 {[%emt 0:00:01]} d5 {[%emt 0:00:01]} 2. Bb2 {[%emt 0:00:00]} e6 {[%emt 0:00:01]} 3. f4 {[%emt 0:00:00]} c5 {[%emt 0:00:01]} 4. Nf3 {[%emt 0:00:00]} Nc6 {[%emt 0:00:01]} 5. e3 {[%emt 0:00:00]} Qc7 {[%emt 0:00:01]} 6. Bb5 {[%emt 0:00:00]} f6 {[%emt 0:00:01]} 7. O-O {[%emt 0:00:01]} Bd6 {[%emt 0:00:01]} 8. Qe1 {[%emt 0:00:00]} Bd7 {[%emt 0:00:01]} 9. Qg3 {[%emt 0:00:00]} O-O-O {[%emt 0:00:01]} 10. Qxg7 {[%emt 0:00:01]} Nge7 {[%emt 0:00:02]} 11. Bxf6 {[%emt 0:00:02]} Rhg8 {[%emt 0:00:04]} 12. Qh6 {[%emt 0:00:01]} Rg6 {[%emt 0:00:02]} 13. Qh4 {[%emt 0:00:01]} Rdg8 {[%emt 0:00:01]} 14. Bxc6 {[%emt 0:00:02]} Rxg2+ {[%emt 0:00:03]} 15. Kh1 {[%emt 0:00:01]} Bxc6 {[%emt 0:00:03]} 16. Bg5 {[%emt 0:00:02]} d4 {[%emt 0:00:05]} 17. Kxg2 {[%emt 0:00:02]} Bxf3+ {[%emt 0:00:03]} 18. Rxf3 {[%emt 0:00:01]} Nf5 {[%emt 0:00:01]} 19. Qh3 {[%emt 0:00:03]} h6 {[%emt 0:00:02]} 20. Kh1 {[%emt 0:00:03]} hxg5 {[%emt 0:00:01]} 21. fxg5 {[%emt 0:00:01]} Rxg5 {[%emt 0:00:01]} 22. Na3 {[%emt 0:00:00]} dxe3 {[%emt 0:00:04]} 23. Nb5 {[%emt 0:00:01]} Qc6 {[%emt 0:00:02]} 24. Nxa7+ {[%emt 0:00:01]} Kd7 {[%emt 0:00:03]} 25. Nxc6 {[%emt 0:00:00]} Kxc6 {[%emt 0:00:01]} 26. dxe3 {[%emt 0:00:01]} Rg8 {[%emt 0:00:05]} 27. Rg1 {[%emt 0:00:00]} Rd8 {[%emt 0:00:02]} 28. Rxf5 {[%emt 0:00:01] Âðåìÿ Âðåìÿ Âðåìÿ (Lag: Av=1.26s, max=17.8s) (Lag: Av=1.26s, max=17.8s) (Lag: Av=1.26s, max=17.8s)} 1-0

[Event "Stay Safe Play From Home 424"]
[Site "Emanuel Lasker Arena"]
[Date "2020.08.31"]
[Round "3"]
[White "Lazieri3"]
[Black "Omerseyman"]
[Result "1-0"]
[WhiteElo "2066"]
[BlackElo "1807"]
[PlyCount "69"]
[EventDate "2020.08.31"]
[EventType "swiss (blitz)"]

1. e4 {[%emt 0:00:02]} c5 {[%emt 0:00:01]} 2. Nc3 {[%emt 0:00:00]} Nc6 {[%emt 0:00:00]} 3. d3 {[%emt 0:00:00]} g6 {[%emt 0:00:01]} 4. Nf3 {[%emt 0:00:00]} Bg7 {[%emt 0:00:00]} 5. Be3 {[%emt 0:00:00]} d6 {[%emt 0:00:01]} 6. Qd2 {[%emt 0:00:00]} Nf6 {[%emt 0:00:02]} 7. Bh6 {[%emt 0:00:01]} Bxh6 {[%emt 0:00:04]} 8. Qxh6 {[%emt 0:00:00]} Be6 {[%emt 0:00:01]} 9. Be2 {[%emt 0:00:03]} Qd7 {[%emt 0:00:03]} 10. Ng5 {[%emt 0:00:01]} O-O-O {[%emt 0:00:02]} 11. Nxe6 {[%emt 0:00:01]} Qxe6 {[%emt 0:00:01]} 12. O-O {[%emt 0:00:01]} Nd4 {[%emt 0:00:01]} 13. Bd1 {[%emt 0:00:01]} Ng4 {[%emt 0:00:02]} 14. Qh3 {[%emt 0:00:04]} Ne5 {[%emt 0:00:03]} 15. Qxe6+ {[%emt 0:00:03]} Nxe6 {[%emt 0:00:00]} 16. f4 {[%emt 0:00:01]} Ng4 {[%emt 0:00:02]} 17. Bxg4 {[%emt 0:00:01]} Kc7 {[%emt 0:00:03]} 18. Bxe6 {[%emt 0:00:01]} fxe6 {[%emt 0:00:01]} 19. f5 {[%emt 0:00:00]} exf5 {[%emt 0:00:01]} 20. exf5 {[%emt 0:00:00]} gxf5 {[%emt 0:00:00]} 21. Rxf5 {[%emt 0:00:02]} Rhg8 {[%emt 0:00:01]} 22. Rf7 {[%emt 0:00:02]} Rde8 {[%emt 0:00:02]} 23. Re1 {[%emt 0:00:05]} Kd7 {[%emt 0:00:00]} 24. Rxh7 {[%emt 0:00:01]} Rg6 {[%emt 0:00:02]} 25. Nd5 {[%emt 0:00:01]} Kc6 {[%emt 0:00:04]} 26. Nxe7+ {[%emt 0:00:01]} Kb5 {[%emt 0:00:01]} 27. c4+ {[%emt 0:00:02]} Kb4 {[%emt 0:00:01]} 28. a3+ {[%emt 0:00:01]} Kb3 {[%emt 0:00:01]} 29. Nxg6 {[%emt 0:00:01]} Rxe1+ {[%emt 0:00:02]} 30. Kf2 {[%emt 0:00:00]} Rb1 {[%emt 0:00:01]} 31. Rxb7+ {[%emt 0:00:01]} Kc2 {[%emt 0:00:01]} 32. Nf4 {[%emt 0:00:01]} Rd1 {[%emt 0:00:04]} 33. h4 {[%emt 0:00:03]} Rd2+ {[%emt 0:00:01]} 34. Kg3 {[%emt 0:00:00]} Rd1 {[%emt 0:00:02]} 35. h5 {[%emt 0:00:01] Omerseyman gibt auf Omerseyman gibt auf Omerseyman gibt auf (Lag: Av=0.77s, max=2.1s) (Lag: Av=0.77s, max=2.1s) (Lag: Av=0.77s, max=2.1s)} 1-0